Elektronická archivácia v kontexte poskytovania dôveryhodných služieb
Guardado en:
| Autor principal: | |
|---|---|
| Otros Autores: | |
| Formato: | Manuscrito Libro |
| Lenguaje: | eslovaco |
| Publicado: |
2025
|
| Materias: | |
| Acceso en línea: | http://is.stuba.sk/zp/portal_zp.pl?podrobnosti=184373 |
| Etiquetas: |
Sin Etiquetas, Sea el primero en etiquetar este registro!
|
MARC
| LEADER | 00000ntm a22000003a 4500 | ||
|---|---|---|---|
| 001 | stuzp102310 | ||
| 003 | SK-STU | ||
| 005 | 20250614211139.3 | ||
| 007 | ta | ||
| 008 | 150427s2015----xo-----f-mn---000-0-slo-d | ||
| 040 | |a STU |b slo | ||
| 041 | 0 | |a slo | |
| 100 | 1 | |a Duffalová, Barbora |u 037000 |4 aut |U FEI Fakulta elektrotechniky a informatiky |T FEI Ústav multimediálnych informačných a komunikačných technológií |X 111209 |U E070 |Y 818 |7 111209 | |
| 242 | 0 | 1 | |a Digital archiving in the context of providing trusted services |y eng |
| 245 | 1 | 0 | |a Elektronická archivácia v kontexte poskytovania dôveryhodných služieb |
| 260 | |c 2025 | ||
| 650 | 4 | |a trust |2 eng | |
| 650 | 4 | |a storage |2 eng | |
| 650 | 4 | |a signature |2 eng | |
| 650 | 4 | |a eIDAS |2 eng | |
| 650 | 4 | |a archiving |2 eng | |
| 650 | 4 | |a archivácia |2 slo | |
| 650 | 4 | |a eIDAS |2 slo | |
| 650 | 4 | |a dôveryhodné služby |2 slo | |
| 650 | 4 | |a digitálny podpis |2 slo | |
| 650 | 4 | |a dlhodobé uchovávanie |2 slo | |
| 700 | 1 | |a Vančo, Marek |u 037000 |k Z2 |4 ths |U FEI Fakulta elektrotechniky a informatiky |T FEI Ústav multimediálnych informačných a komunikačných technológií |X 35291 |U E070 |Y 818 |7 A000035291 | |
| 856 | 4 | |u http://is.stuba.sk/zp/portal_zp.pl?podrobnosti=184373 | |